| 000 | 00602nam a22002057a 4500 | ||
|---|---|---|---|
| 005 | 20180725110436.0 | ||
| 008 | 180725b xxu||||| |||| 00| 0 eng d | ||
| 020 |
_a9781138061057 _cRs 995 |
||
| 040 | _beng | ||
| 041 | _aEnglish | ||
| 082 |
_a365.6082 _bDHA |
||
| 100 | _aDhavan Shakardass, Rani | ||
| 245 |
_aOf women 'inside' _bPrison voices from India _cRani Dhavan Shakardass |
||
| 260 |
_aLondon, New Delhi, New York _bRoutledge _c2012 |
||
| 300 |
_axiii,307 _b24 cm; photos |
||
| 504 | _aIncludes bibliography and index | ||
| 650 |
_aWomen prisoners _zIndia |
||
| 850 | _aLCLIB | ||
| 942 | _cBK | ||
| 999 |
_c41718 _d92197 |
||